000 00415nam a22001577a 4500
003 CEME
005 20210628203715.0
008 210317b xxu||||| |||| 00| 0 eng d
040 _c.
082 _a355.02 MUN'E
100 _aMunyo, Neil
_966956
245 _aElectronic combat and modern warfare, the quick and the dead
260 _aRAWALPINDI
_bARMY EDUCATION PRESS
_c1991
300 _a324P
942 _cBK
_2ddc
999 _c574814
_d574814